| 000 | 00626nam a22002537a 4500 | ||
|---|---|---|---|
| 008 | 200212b xxu||||| |||| 00| 0 eng d | ||
| 020 | _a9993330485 | ||
| 082 | _a923.6/P194u | ||
| 110 | _aPanos south Asia | ||
| 245 | _aUnheard voices | ||
| 260 |
_aKathmandu: _bPanos South Asia, _c2002. |
||
| 300 | _a105p. | ||
| 650 | _aBiography | ||
| 650 | _aDiseases | ||
| 650 | _aImmune deficiency disease | ||
| 650 | _aInfections | ||
| 650 | _aInfectious diseases | ||
| 650 | _aHIV | ||
| 650 | _aHIV/AIDS | ||
| 700 | _aSharma,Kedar,ed. | ||
| 700 | _aThapa,Deepak,ed. | ||
| 700 | _aSubba,Bhim,ed. | ||
| 942 |
_2ddc _cISBN |
||
| 999 |
_c93384 _d93373 |
||